00578nam a2200145Ia 4500999001700000082001900017100002200036245011800058260004300176300001000219650003000229650004600259942000700305952012000312 c15310d15310 a327.5405 KAU-I aKaushik, Devendr; 0aIndia and central Asia in modern times: a study in historical cultural contracts from the early ninteenth century aNew DelhibSatvahan Publicationsc1985 a134p. aIndia - Foreign relations aAsia, Central - Foreign relations - India cBK 00104070aNASSDOCbNASSDOCd2004-06-08i2004-10-05l0o327.5405 KAU-Ip37730r2019-04-18 00:00:00w2019-04-18yBK